| 000 | 00689nam a22001337a 4500 | ||
|---|---|---|---|
| 040 | _cRUA | ||
| 082 | _aAGR KHE 2013 BO55 Or.1 | ||
| 100 | _aKHENG, SOK KEANG | ||
| 245 | _aEffect of temperatureand duration on quality of milled rice of sen pidao phkarumduol and CAR 3 ឥទ្ធិពលនៃសីតុណ្ណភាព និងរយៈពេលសត្តុកទុកទៅលើគុណភាពអង្ករពូជសែនពិដោរ ផ្ការំដួល និងខា៣. | ||
| 260 |
_aPhnom Phen _bRUA _c2013 |
||
| 300 |
_aIX,42p. _bill. _c29cm. |
||
| 856 | _uhttps://drive.google.com/file/d/16OvGXkmPsU2QhOq6RpoD48RkLJqybb9f/view?usp=sharing | ||
| 942 | _cAGR | ||
| 999 |
_c1242 _d1242 |
||